La argentina ambiental : naturaleza y sociedad /

Guardado en:
Autor Principal: Durán, Diana
Formato: Libro
Publicado: Buenos Aires : Lugar, 1998
Materias:
Etiquetas: Agregar Etiqueta
Sin Etiquetas, Sea el primero en etiquetar este registro!
LEADER 01601nam a22001935a 4500
001 CEM.cems009890
005 20080703095705.0
008 130507s1998##################000#0#####d
003 CEMS
020 |a 9508920491 
082 0 4 |a 330.982 
100 1 |a Durán, Diana 
245 1 0 |a La argentina ambiental :  |b naturaleza y sociedad /  |c Compilado Por Diana Durán 
260 |a Buenos Aires :  |b Lugar,  |c 1998 
300 |a 351 p. 
505 0 |a La argentina ambiental / Diana Durán -- El agua en las llanuras / Mario C. Fuschini Mejía -- La sequía como riesgo natural / Diana Durán -- Los procesos de degradación y la conservación de suelos de la República Argentina / Roberto R. Casas -- Población y presiones ambientales / Claudia A. Baxendale -- Ambiente y salud / Susana I. Curto de Casas -- Obras hidroeléctricas / Mario C. Fuschini Mejía -- Transporte, medio ambiente y calidad de vida / Juan A. Roccatagliata -- Buenos Aires: espacio contaminado / Laura A. Pierre -- El medio construido y las inundaciones en la aglomeración de Buenos Aires / Diana Durán, Gustavo D. Buzai -- El mapa ambiental de la República Argentina / Fernando Paso Viola -- El análisis ambiental mediante técnicas computacionales: un panorama global de las posibilidad actualidades que brinda la geoinformática / Gustavo D. Buzai -- Hacia una política de ordenación del territorio / Lucía Bortagaray, Juan Roccatagliata -- Propuestas educativas / Diana Durán, María Rita Torchio 
653 |a Argentina-medio ambiente 
653 |a Economía argentina 
859 |a CEMS  |b BIB. CEMS - 11 de abril  |h 330.982  |i D135-1  |p 20185.99  |t Ej.1